| 000 | 02742nka a2200373 i 4500 | ||
|---|---|---|---|
| 001 | 102997 | ||
| 003 | ES-MaACL | ||
| 005 | 20250823063058.0 | ||
| 007 | t| | ||
| 008 | 051223e1808 sp f | |r||1c|spa | ||
| 100 | 1 |
_aSelma, Fernando, _d1752-1810 _edrm _eegr _9157690 |
|
| 245 | 1 | 1 |
_a[Adoración de pastores] _h[Material gráfico] / _cLa dibujó y gravó Dn. Fernando Selma, Grabador de Cámara de S.M., año de 1808 |
| 260 |
_a[Madrid : _bSe halla en la Calcografía de la Ymprenta Real, _c1808] |
||
| 300 |
_a1 estampa : _bgrabado calcográfico ; _c600 x 500 mm |
||
| 490 | 1 |
_aColección facticia de grabados ; _v41 _9184692 |
|
| 500 | _aInscripción: "Quadro de Dn Francisco Bayeu, Pintor de Cámara de S.M.C. que se conserva en el Convento de Sn Pascual de Aranjuez; tiene de alto doce pies y once pulgadas y de ancho diez y nueve pulgadas" | ||
| 500 | _aGrabado de Fernando Selma, realizado en 1808, del lienzo de Bayeu “Nacimiento”. Forma parte, junto con “Anunciación”, “Ascensión” y “Pentecostés”, de la serie pictórica para el claustro del Convento de San Pascual de Aranjuez, pintada en 1769 y desaparecida | ||
| 520 | _aEstampa que reproduce la pintura de Francisco Bayeu para el Convento de San Pascual de Aranjuez, que le dio mucha fama, posibilitándole el salto a la corte. Fue realizada por Fernando Selma, prestigioso grabador valenciano, en el momento de su madurez artística, de cuya relevancia profesional habla el hecho de que, en 1799, se le concediera el título de grabador de cámara de Carlos IV sin haberlo solicitado. Se considera una de sus obras maestras, que comienza hacia 1773-75, cuando está en Aranjuez realizando varias vistas de sus palacios, aunque, paradójicamente, vería la luz en París tras su fallecimiento | ||
| 530 | _aDisponible en formato digital | ||
| 600 | 0 | 4 |
_aJesucristo- _xNatividad _966372 |
| 650 | 7 |
_aPastores _2embne _915881 |
|
| 655 | 7 |
_aGrabados calcográficos _2tgfbne _9241761 |
|
| 655 | 7 |
_aGrabados _2tgfbne _9226846 |
|
| 655 | 4 |
_aReproducciones de obras de arte _9241931 |
|
| 700 | 1 |
_aBayeu y Subías, Francisco, _d1734-1795 _eart _926668 |
|
| 710 | 2 |
_aCalcografía de la Imprenta Real _eedt _9241806 |
|
| 830 | 0 |
_aColección facticia de grabados ; _v41 _9184692 |
|
| 852 | 4 |
_aES-MaACL _cDEPO2 _jGF-2(41) |
|
| 856 | 4 |
_uhttps://www.museodelprado.es/coleccion/obra-de-arte/adoracion-de-los-pastores/9ce3591a-c9cc-4088-bd2f-2dffb1de4ce5 _yVersión en línea _z(Museo del Prado) |
|
| 856 | 4 |
_uhttps://patrimoniocultural.us.es/catalogo/1393/adoracion-de-los-pastores?lang=ES _yVersión en línea _z(Patrimonio Cultural de la Universidad de Sevilla) |
|
| 942 |
_2udc _cDIBGRB _n0 |
||
| 999 |
_c102997 _d102997 |
||